000 00293nam a22001337a 4500
008 170227b xxu||||| |||| 00| 0 eng d
020 _a9780323068499
041 _aeng
080 _a617
100 _a5
101 _aSHK
245 _aYEAR BOOK VASCULAR SURGERY
_cMONETA.L.G
942 _2udc
_cBK
999 _c6297
_d6297